000 00838cam a22002773a 4500
001 3715
003 PGUSA
005 20140828083037.0
008 030201s2003||||xxu|||||s|||||000 1 eng d
040 _aPGUSA
_beng
042 _adc
050 4 _aPS
100 1 _aBierce, Ambrose,
_d1842-1913
245 1 4 _aThe Parenticide Club
_h[electronic resource] /
_cAmbrose Bierce
260 _bProject Gutenberg,
_c2003
505 0 _aMy favorite murder -- Oil of Dog -- An Imperfect Conflagration -- The Hypnotist.
506 _aPublic domain in the USA.
516 _aElectronic text
653 _aMurderers -- Fiction
653 _aParricide -- Fiction
653 _aShort stories, American
653 _aHorror tales, American
830 0 _aProject Gutenberg
_v3715
856 4 0 _uhttp://www.gutenberg.org/ebooks/3715
942 _cEB
999 _c233044
_d233044